000
00224 a2200097 4500
001
15790
100
_a
Turner
245
_a
College entrance test scholastic aptitude test
260
_a
London
_b
Arco
_c
090
_c
12340
_d
12340
942
_a
NUST-CAE
_c
M
_c
2604
999
_c
250863
_d
250863